[Event "Scarborough CC Spring Into Summer U1700"]
[Site "Toronto CAN"]
[Date "2011.05.26"]
[Round "4"]
[White "Thanabalachandran, Luxiga"]
[Black "Kaneshalingam, Mathanhe"]
[Result "1/2-1/2"]
[WhiteElo "838"]
[BlackElo "856"]
[PlyCount "103"]
[GameId "2160767909704845"]
[EventDate "2011.04.28"]
[EventType "swiss"]
[EventRounds "9"]
[EventCountry "CAN"]
[SourceTitle "EXT 2022"]
[Source "ChessBase"]
[SourceDate "2021.10.06"]
[SourceVersion "1"]
[SourceVersionDate "2021.10.06"]
[SourceQuality "1"]

1. e4 e5 2. Nf3 Nc6 3. Bb5 d6 4. Nc3 Nf6 5. O-O Bg4 6. d3 g6 7. Bg5 Bg7 8. h3 Be6 9. Bxc6+ bxc6 10. d4 h6 11. Bh4 g5 12. Bg3 exd4 13. Nxd4 Qd7 14. e5 dxe5 15. Bxe5 O-O 16. Bxf6 Bxf6 17. Nxe6 Qxd1 18. Raxd1 fxe6 19. Rd7 Bxc3 20. bxc3 Rac8 21. Re7 Rfe8 22. Rxe8+ Rxe8 23. Rd1 Kf8 24. Rd7 Re7 25. Rd8+ Re8 26. Rxe8+ Kxe8 27. Kf1 Kd7 28. Ke2 Kd6 29. Kd3 c5 30. Ke4 c6 31. f4 a5 32. fxg5 hxg5 33. g3 Ke7 34. Kf3 Kf6 35. Kg4 Kg6 36. h4 gxh4 37. Kxh4 Kf5 38. Kh5 Kf6 39. g4 e5 40. g5+ Kg7 41. Kg4 Kg6 42. c4 e4 43. Kf4 e3 44. Kxe3 Kxg5 45. Ke4 Kf6 46. a3 Ke6 47. a4 Kf6 48. c3 Ke6 49. Kf4 Kf6 50. Ke4 Ke6 51. Kf4 Kf6 52. Ke4 1/2-1/2

[Event "Scarborough CC Spring Into Summer U1700"]
[Site "Toronto CAN"]
[Date "2011.05.26"]
[Round "4"]
[White "Vyravanathan, Sobiga"]
[Black "Philip, Andrew"]
[Result "0-1"]
[WhiteElo "1321"]
[BlackElo "1596"]
[PlyCount "146"]
[GameId "2160767909704846"]
[EventDate "2011.04.28"]
[EventType "swiss"]
[EventRounds "9"]
[EventCountry "CAN"]
[SourceTitle "EXT 2022"]
[Source "ChessBase"]
[SourceDate "2021.10.06"]
[SourceVersion "1"]
[SourceVersionDate "2021.10.06"]
[SourceQuality "1"]

1. e4 d5 2. exd5 Qxd5 3. Nc3 Qd6 4. d4 Nf6 5. Nf3 c6 6. Be2 Bg4 7. O-O e6 8. Bg5 Nbd7 9. Bh4 Qc7 10. Bg3 Bd6 11. Ne5 Bxe2 12. Qxe2 O-O 13. Nxd7 Qxd7 14. Bxd6 Qxd6 15. Qe5 Qd7 16. Ne4 Nxe4 17. Qxe4 Rfd8 18. c3 a5 19. a3 a4 20. Rfe1 Qe7 21. Re3 Qf6 22. Qe5 Qxe5 23. Rxe5 Rd5 24. Rae1 g6 25. Kf1 Raa5 26. Rxd5 cxd5 27. Ke2 Rb5 28. Rb1 Kg7 29. Kd3 Kf6 30. c4 Rb3+ 31. Kc2 dxc4 32. Rd1 Rb5 33. Kc3 Rb3+ 34. Kxc4 Rxb2 35. Rf1 Ke7 36. d5 b5+ 37. Kc5 exd5 38. Kxd5 Rb3 39. Ra1 Kd7 40. Kc5 Ke6 41. Re1+ Kf6 42. Re3 Rb2 43. Rf3+ Kg7 44. Kd4 b4 45. axb4 Rxb4+ 46. Kc3 Rb3+ 47. Kc2 Rxf3 48. gxf3 Kf6 49. Kb2 Kf5 50. Ka3 Kf4 51. Kxa4 f5 52. Kb3 Kxf3 53. Kc2 Kxf2 54. Kd2 g5 55. Kd3 h5 56. Kd4 Kf3 57. Ke5 f4 58. Kf5 Ke3 59. Kxg5 f3 60. Kxh5 f2 61. Kg4 f1=Q 62. h4 Qg2+ 63. Kf5 Qe4+ 64. Kg5 Qf4+ 65. Kh5 Ke4 66. Kg6 Qxh4 67. Kf7 Qh6 68. Ke7 Ke5 69. Kd7 Qd6+ 70. Kc8 Qe7 71. Kb8 Kd6 72. Ka8 Kc6 73. Kb8 Qb7# 0-1

[Event "Scarborough CC Spring Into Summer U1700"]
[Site "Toronto CAN"]
[Date "2011.05.26"]
[Round "4"]
[White "Wu, Mark"]
[Black "Maurer, Hans"]
[Result "1-0"]
[WhiteElo "1052"]
[BlackElo "1077"]
[PlyCount "57"]
[GameId "2160767909704848"]
[EventDate "2011.04.28"]
[EventType "swiss"]
[EventRounds "9"]
[EventCountry "CAN"]
[SourceTitle "EXT 2022"]
[Source "ChessBase"]
[SourceDate "2021.10.06"]
[SourceVersion "1"]
[SourceVersionDate "2021.10.06"]
[SourceQuality "1"]

1. e4 e5 2. Nf3 Nc6 3. Nc3 Bc5 4. Bc4 Nf6 5. d3 h6 6. O-O Nd4 7. Re1 d6 8. Nd5 Be6 9. Nxf6+ Qxf6 10. Nd2 Qg6 11. Bxe6 Qxe6 12. Nf3 O-O-O 13. Nxd4 Bxd4 14. c3 Bb6 15. Be3 d5 16. Bxb6 Qxb6 17. Qg4+ Qe6 18. Qxg7 Kb8 19. Qg3 f6 20. h3 Rhg8 21. Qf3 d4 22. Rac1 Rg6 23. Qf5 Qg8 24. g3 Qf7 25. cxd4 Rxd4 26. b3 Rxd3 27. Red1 Rg5 28. Rxd3 Rxf5 29. Rd8# 1-0

[Event "Scarborough CC Spring Into Summer U1700"]
[Site "Toronto CAN"]
[Date "2011.05.26"]
[Round "4"]
[White "Yie, Kevin Yi Xiao"]
[Black "Smith, Maurice"]
[Result "1/2-1/2"]
[WhiteElo "1460"]
[BlackElo "1577"]
[PlyCount "82"]
[GameId "2160767909704849"]
[EventDate "2011.04.28"]
[EventType "swiss"]
[EventRounds "9"]
[EventCountry "CAN"]
[SourceTitle "EXT 2022"]
[Source "ChessBase"]
[SourceDate "2021.10.06"]
[SourceVersion "1"]
[SourceVersionDate "2021.10.06"]
[SourceQuality "1"]

1. d4 Nf6 2. Nf3 d5 3. Bf4 Bf5 4. e3 e6 5. Be2 c5 6. c3 Be7 7. O-O O-O 8. Nbd2 cxd4 9. cxd4 Nc6 10. Rc1 Rc8 11. a3 Bd6 12. Bg3 Bxg3 13. hxg3 h6 14. Nh2 Qd6 15. g4 Bh7 16. Qe1 Ne7 17. f4 Rxc1 18. Qxc1 Rc8 19. Qe1 Rc2 20. b4 Qc7 21. Ndf3 Qc3 22. Qxc3 Rxc3 23. Kf2 Ne4+ 24. Ke1 Rxe3 25. a4 Nc6 26. b5 Nb4 27. Kd1 Bg6 28. Ne5 Bh7 29. Bf3 Nd3 30. Bxe4 Nxe5 31. Bxh7+ Kxh7 32. dxe5 Ra3 33. Rf3 Rxa4 34. Nf1 Rb4 35. g3 Rxb5 36. Ra3 a5 37. Nd2 b6 38. Ke2 Kg6 39. Kf3 f6 40. exf6 gxf6 41. Nb3 Rb4 1/2-1/2

[Event "Scarborough CC Spring Into Summer U1700"]
[Site "Toronto CAN"]
[Date "2011.05.26"]
[Round "4"]
[White "Zhao, Yanchun"]
[Black "Feng, Richard"]
[Result "1-0"]
[WhiteElo "1148"]
[BlackElo "1021"]
[PlyCount "49"]
[GameId "2160767909704851"]
[EventDate "2011.04.28"]
[EventType "swiss"]
[EventRounds "9"]
[EventCountry "CAN"]
[SourceTitle "EXT 2022"]
[Source "ChessBase"]
[SourceDate "2021.10.06"]
[SourceVersion "1"]
[SourceVersionDate "2021.10.06"]
[SourceQuality "1"]

1. e4 c5 2. Nf3 Nc6 3. d4 cxd4 4. Nxd4 d6 5. Nc3 e5 6. Nf3 f5 7. Bb5 Nge7 8. O-O Ng6 9. exf5 Bxf5 10. Nd5 a6 11. Ba4 b5 12. Bb3 Be7 13. Re1 e4 14. Nd4 Nxd4 15. Qxd4 Be6 16. Qxg7 Bxd5 17. Bxd5 Bf6 18. Rxe4+ Ne5 19. Rxe5+ dxe5 20. Bf7+ Kd7 21. Qg4+ Ke7 22. Qe6+ Kf8 23. Bh6+ Bg7 24. Bh5 Qf6 25. Qxf6+ 1-0

[Event "Scarborough CC Spring Into Summer U1700"]
[Site "Toronto CAN"]
[Date "2011.06.02"]
[Round "5"]
[White "Chen, George"]
[Black "Arjavkumar, Joshi"]
[Result "0-1"]
[WhiteElo "1259"]
[BlackElo "1100"]
[PlyCount "58"]
[GameId "2160767909704852"]
[EventDate "2011.04.28"]
[EventType "swiss"]
[EventRounds "9"]
[EventCountry "CAN"]
[SourceTitle "EXT 2022"]
[Source "ChessBase"]
[SourceDate "2021.10.06"]
[SourceVersion "1"]
[SourceVersionDate "2021.10.06"]
[SourceQuality "1"]

1. e4 e5 2. Nf3 Nc6 3. Nc3 Nf6 4. Bb5 d6 5. d3 Bd7 6. h3 Be7 7. O-O O-O 8. Re1 Qc8 9. Bxc6 bxc6 10. Bg5 Re8 11. Ne2 h6 12. Be3 Nh7 13. Ng3 Rf8 14. Rf1 f5 15. exf5 Bxf5 16. Nxf5 Rxf5 17. c3 Qd7 18. Qe2 Raf8 19. Nd2 Ng5 20. Bxa7 c5 21. Ne4 Qa4 22. Bxc5 dxc5 23. Nxg5 Bxg5 24. b3 Qd7 25. a4 Bh4 26. f3 Bg3 27. a5 Qb5 28. b4 cxb4 29. cxb4 Rd8 0-1

[Event "Scarborough CC Spring Into Summer U1700"]
[Site "Toronto CAN"]
[Date "2011.06.02"]
[Round "5"]
[White "Cui, Gordon"]
[Black "Tismenko, Dennis"]
[Result "0-1"]
[WhiteElo "1264"]
[BlackElo "1448"]
[PlyCount "40"]
[GameId "2160767909704853"]
[EventDate "2011.04.28"]
[EventType "swiss"]
[EventRounds "9"]
[EventCountry "CAN"]
[SourceTitle "EXT 2022"]
[Source "ChessBase"]
[SourceDate "2021.10.06"]
[SourceVersion "1"]
[SourceVersionDate "2021.10.06"]
[SourceQuality "1"]

1. e4 c5 2. Nf3 d6 3. d4 cxd4 4. Nxd4 Nf6 5. Nc3 g6 6. Bd3 Bg7 7. O-O Nc6 8. Bb5 Bd7 9. Re1 a6 10. Nxc6 Bxc6 11. Bxc6+ bxc6 12. Be3 O-O 13. f3 e6 14. Qd2 d5 15. Rad1 Qc7 16. Bh6 Qb6+ 17. Be3 Qxb2 18. Bc5 Nd7 19. Na4 Bc3 20. Qh6 Rac8 0-1

[Event "Scarborough CC Spring Into Summer U1700"]
[Site "Toronto CAN"]
[Date "2011.06.02"]
[Round "5"]
[White "Feng, Richard"]
[Black "Thanabalachandran, Luxiga"]
[Result "1-0"]
[WhiteElo "1021"]
[BlackElo "838"]
[PlyCount "59"]
[GameId "2160767909704854"]
[EventDate "2011.04.28"]
[EventType "swiss"]
[EventRounds "9"]
[EventCountry "CAN"]
[SourceTitle "EXT 2022"]
[Source "ChessBase"]
[SourceDate "2021.10.06"]
[SourceVersion "1"]
[SourceVersionDate "2021.10.06"]
[SourceQuality "1"]

1. e4 e5 2. Nf3 Nc6 3. Nc3 Nf6 4. Bc4 Bb4 5. d3 d6 6. O-O Bg4 7. Be3 O-O 8. h3 Bh5 9. Nd5 Nxd5 10. Bxd5 Nd4 11. Bxd4 exd4 12. Bxb7 Rb8 13. Bd5 Qd7 14. Rc1 Ba5 15. c3 dxc3 16. bxc3 Rb2 17. Re1 Rb5 18. a4 Rb3 19. Bxb3 c6 20. e5 dxe5 21. Rxe5 Qd6 22. Rxh5 Bc7 23. g3 Qg6 24. Rg5 Qh6 25. h4 Rb8 26. Qe2 Kf8 27. Re1 Qf6 28. Ne5 Re8 29. Nd7+ Kg8 30. Qxe8# 1-0

[Event "Scarborough CC Spring Into Summer U1700"]
[Site "Toronto CAN"]
[Date "2011.06.02"]
[Round "5"]
[White "Graham, John"]
[Black "Lin, Benjamin1"]
[Result "1-0"]
[WhiteElo "1402"]
[BlackElo "1138"]
[PlyCount "107"]
[GameId "2160767909704855"]
[EventDate "2011.04.28"]
[EventType "swiss"]
[EventRounds "9"]
[EventCountry "CAN"]
[SourceTitle "EXT 2022"]
[Source "ChessBase"]
[SourceDate "2021.10.06"]
[SourceVersion "1"]
[SourceVersionDate "2021.10.06"]
[SourceQuality "1"]

1. b3 e5 2. d3 d5 3. Bb2 Nc6 4. Nd2 Nf6 5. Ngf3 Bd6 6. g3 O-O 7. Bg2 Be6 8. O-O Qd7 9. Ng5 Bf5 10. e4 dxe4 11. dxe4 Bg6 12. Bh3 Qe7 13. Qe1 h6 14. Ngf3 Rad8 15. Nh4 Bh7 16. Nf5 Bxf5 17. Bxf5 Nh7 18. Nf3 Ng5 19. Nxg5 Qxg5 20. c3 Be7 21. Bc1 Qf6 22. Be3 a6 23. Qe2 Rfe8 24. Rad1 Bf8 25. Rd2 g6 26. Bh3 Bg7 27. Rfd1 Rxd2 28. Rxd2 Rd8 29. Bd7 Nb8 30. Bg4 Nc6 31. Qd1 Rxd2 32. Qxd2 g5 33. Bc8 Qd8 34. Qxd8+ Nxd8 35. h4 gxh4 36. gxh4 Bf8 37. Kg2 Kg7 38. h5 Kf6 39. Kh3 Bg7 40. Kg4 c6 41. Bb6 Ne6 42. Bxb7 c5 43. Bc8 Ng5 44. f3 Bf8 45. Bxa6 Ne6 46. Bc4 Nf4 47. a4 Ng2 48. a5 Ne1 49. a6 Nc2 50. a7 Ne3+ 51. Kh3 Nd1 52. a8=Q Nf2+ 53. Kg2 Kg7 54. Kxf2 1-0

[Event "Scarborough CC Spring Into Summer U1700"]
[Site "Toronto CAN"]
[Date "2011.06.02"]
[Round "5"]
[White "Guo, Tan"]
[Black "Veecock, Carl"]
[Result "1-0"]
[WhiteElo "1538"]
[BlackElo "1338"]
[PlyCount "73"]
[GameId "2160767909704856"]
[EventDate "2011.04.28"]
[EventType "swiss"]
[EventRounds "9"]
[EventCountry "CAN"]
[SourceTitle "EXT 2022"]
[Source "ChessBase"]
[SourceDate "2021.10.06"]
[SourceVersion "1"]
[SourceVersionDate "2021.10.06"]
[SourceQuality "1"]

1. e4 c6 2. d4 d5 3. Nc3 dxe4 4. Nxe4 Bf5 5. Ng3 Bg6 6. h4 h6 7. Nf3 Nf6 8. h5 Bh7 9. Bd3 e6 10. Bxh7 Nxh7 11. Be3 Nd7 12. Qd2 Bd6 13. Ne4 Be7 14. O-O-O Nhf6 15. Ng3 Nd5 16. Kb1 Nxe3 17. Qxe3 Nf6 18. Ne5 Nd5 19. Qf3 Bf6 20. c4 Ne7 21. Ne4 Nf5 22. Qc3 O-O 23. g4 Nd6 24. Nxf6+ gxf6 25. Nd3 Ne4 26. Qc2 Rc8 27. f3 Ng5 28. f4 Nh7 29. Nc5 Rc7 30. Rhg1 Qb8 31. Ne4 Rcc8 32. Rdf1 b5 33. c5 a5 34. g5 Rfd8 35. Nxf6+ Nxf6 36. gxf6+ Kh8 37. Rg7 1-0

[Event "Scarborough CC Spring Into Summer U1700"]
[Site "Toronto CAN"]
[Date "2011.06.02"]
[Round "5"]
[White "Kaneshalingam, Mathanhe"]
[Black "Zhao, Yanchun"]
[Result "0-1"]
[WhiteElo "856"]
[BlackElo "1148"]
[PlyCount "120"]
[GameId "2160767909704857"]
[EventDate "2011.04.28"]
[EventType "swiss"]
[EventRounds "9"]
[EventCountry "CAN"]
[SourceTitle "EXT 2022"]
[Source "ChessBase"]
[SourceDate "2021.10.06"]
[SourceVersion "1"]
[SourceVersionDate "2021.10.06"]
[SourceQuality "1"]

1. d4 d5 2. c4 c6 3. Nc3 Nf6 4. Bg5 Nbd7 5. Nf3 h6 6. Bxf6 Nxf6 7. e3 e6 8. Bd3 Qb6 9. Rb1 Qa5 10. Qb3 Bd6 11. O-O O-O 12. Rfe1 Bc7 13. c5 b6 14. cxb6 axb6 15. a3 Ba6 16. Bxa6 Qxa6 17. h3 c5 18. Qc2 Bd6 19. Qe2 c4 20. e4 Bc7 21. e5 Nd7 22. Kh2 f5 23. Kh1 b5 24. Nh4 Qb6 25. Qd2 b4 26. axb4 Qxb4 27. Ne4 Qxd2 28. Nxd2 Ra2 29. Red1 Rb8 30. b3 Ba5 31. Ndf3 Rxb3 32. Kg1 Nb8 33. Rxb3 cxb3 34. Rb1 b2 35. Kh2 Bc3 36. Ng6 Kf7 37. Nh8+ Ke8 38. Ng6 Ra1 39. Rxb2 Bxb2 40. g4 fxg4 41. hxg4 Ra3 42. Kg2 Nc6 43. Nf4 Kf7 44. Nh5 Nxd4 45. Nxd4 Bxd4 46. f4 Re3 47. Ng3 g5 48. fxg5 hxg5 49. Nh5 Bxe5 50. Kf2 Rh3 51. Kg2 Rh4 52. Kf3 d4 53. Ng3 Rh3 54. Ke4 Rxg3 55. Kxe5 d3 56. Ke4 d2 57. Ke5 d1=Q 58. Ke4 Rxg4+ 59. Ke3 Qd4+ 60. Kf3 Qf4+ 0-1

[Event "Scarborough CC Spring Into Summer U1700"]
[Site "Toronto CAN"]
[Date "2011.06.02"]
[Round "5"]
[White "Liang, Phillip"]
[Black "Zhao, Harry"]
[Result "1-0"]
[WhiteElo "1284"]
[BlackElo "1469"]
[PlyCount "85"]
[GameId "2160767909704858"]
[EventDate "2011.04.28"]
[EventType "swiss"]
[EventRounds "9"]
[EventCountry "CAN"]
[SourceTitle "EXT 2022"]
[Source "ChessBase"]
[SourceDate "2021.10.06"]
[SourceVersion "1"]
[SourceVersionDate "2021.10.06"]
[SourceQuality "1"]

1. e4 c5 2. Nf3 Nc6 3. d4 cxd4 4. Nxd4 Nf6 5. Nc3 e6 6. Bg5 Be7 7. f3 h6 8. Be3 a6 9. a4 Qc7 10. Qd2 Bd6 11. O-O-O Bxh2 12. Nxc6 bxc6 13. f4 Ng4 14. e5 Qd8 15. Be2 h5 16. Bxg4 hxg4 17. g3 Rh3 18. Rxh2 Rxh2 19. Qxh2 Qa5 20. Qh8+ Ke7 21. Qxg7 Rb8 22. f5 Qb4 23. Bg5+ Ke8 24. Qg8+ Qf8 25. Qxf8+ Kxf8 26. f6 Kg8 27. Ne4 Bb7 28. Rxd7 Ba8 29. Nd6 Rb4 30. b3 Rb8 31. Rxf7 c5 32. Bh6 Rb4 33. Rg7+ Kf8 34. Ra7+ Kg8 35. Rxa8+ Kh7 36. Bf4 Rxf4 37. Ra7+ Kh6 38. gxf4 g3 39. Rg7 a5 40. Rxg3 Kh7 41. f7 c4 42. f8=Q cxb3 43. Qg7# 1-0

[Event "Scarborough CC Spring Into Summer U1700"]
[Site "Toronto CAN"]
[Date "2011.06.02"]
[Round "5"]
[White "Liu, Peter"]
[Black "Stroempl, Hedi"]
[Result "1-0"]
[WhiteElo "1332"]
[BlackElo "1067"]
[PlyCount "123"]
[GameId "2160767909704859"]
[EventDate "2011.04.28"]
[EventType "swiss"]
[EventRounds "9"]
[EventCountry "CAN"]
[SourceTitle "EXT 2022"]
[Source "ChessBase"]
[SourceDate "2021.10.06"]
[SourceVersion "1"]
[SourceVersionDate "2021.10.06"]
[SourceQuality "1"]

1. e4 e5 2. Nf3 Nc6 3. Bb5 Nf6 4. O-O Nxe4 5. Re1 Nd6 6. Bxc6 bxc6 7. Nxe5 Be7 8. d4 O-O 9. Nc3 Bb7 10. Qg4 Bc8 11. Bh6 Bf6 12. Ne4 Nxe4 13. Rxe4 d6 14. Nxc6 Bxg4 15. Nxd8 Bf5 16. Rf4 Bxc2 17. Nc6 Bd8 18. Nxd8 Rfxd8 19. Rg4 Bg6 20. Bf4 Rab8 21. b3 Re8 22. h3 h6 23. Rc1 Rbc8 24. a4 Bf5 25. Rg3 Re4 26. Bxd6 cxd6 27. Rxc8+ Bxc8 28. Rc3 Be6 29. Rd3 Re1+ 30. Kh2 Rb1 31. d5 Bf5 32. Re3 Bc2 33. Re7 a6 34. Ra7 Bxb3 35. Rxa6 Bxd5 36. Rxd6 Bb7 37. Rd8+ Kh7 38. Rb8 Be4 39. Re8 Bc6 40. Re7 f6 41. a5 Ra1 42. Ra7 Kg6 43. Kg3 Kg5 44. Rxg7+ Kf5 45. Rc7 Bd5 46. Ra7 h5 47. f3 Ra3 48. Kf2 Kf4 49. g3+ Ke5 50. Rh7 Rxf3+ 51. Kg2 Ra3+ 52. Kf2 Ra2+ 53. Ke3 Ra3+ 54. Kf2 Rf3+ 55. Kg2 Rf5+ 56. Kg1 Kd4 57. a6 Re5 58. a7 Bf3 59. Kf2 Bd5 60. Rd7 Kc5 61. Rxd5+ Rxd5 62. a8=Q 1-0

[Event "Scarborough CC Spring Into Summer U1700"]
[Site "Toronto CAN"]
[Date "2011.06.02"]
[Round "5"]
[White "Malyuzhinets, Dmitry"]
[Black "Wu, Mark"]
[Result "1-0"]
[WhiteElo "1298"]
[BlackElo "1052"]
[PlyCount "47"]
[GameId "2160767909704860"]
[EventDate "2011.04.28"]
[EventType "swiss"]
[EventRounds "9"]
[EventCountry "CAN"]
[SourceTitle "EXT 2022"]
[Source "ChessBase"]
[SourceDate "2021.10.06"]
[SourceVersion "1"]
[SourceVersionDate "2021.10.06"]
[SourceQuality "1"]

1. e4 e5 2. Nf3 Nc6 3. d4 d6 4. Bd3 Bg4 5. Bb5 Qd7 6. d5 O-O-O 7. dxc6 bxc6 8. Ba6+ Kb8 9. Qd3 Be6 10. Be3 Nf6 11. Ng5 Re8 12. Nxe6 Qxe6 13. c4 Nd7 14. Qb3+ Nb6 15. Qb4 d5 16. c5 d4 17. Bd2 Qc4 18. Bxc4 Kc8 19. cxb6 axb6 20. Qa4 Bc5 21. Bxf7 Ref8 22. Be6+ Kd8 23. Qxc6 d3 24. Qd7# 1-0

[Event "Scarborough CC Spring Into Summer U1700"]
[Site "Toronto CAN"]
[Date "2011.06.02"]
[Round "5"]
[White "Ming, Wenyang"]
[Black "Super, Russell"]
[Result "1/2-1/2"]
[WhiteElo "1209"]
[BlackElo "1419"]
[PlyCount "78"]
[GameId "2160767909704861"]
[EventDate "2011.04.28"]
[EventType "swiss"]
[EventRounds "9"]
[EventCountry "CAN"]
[SourceTitle "EXT 2022"]
[Source "ChessBase"]
[SourceDate "2021.10.06"]
[SourceVersion "1"]
[SourceVersionDate "2021.10.06"]
[SourceQuality "1"]

1. e4 c5 2. Nf3 d6 3. d4 cxd4 4. Nxd4 Nf6 5. Nc3 g6 6. Be3 Bg7 7. Bc4 Nc6 8. Qd2 O-O 9. O-O-O a6 10. a3 Nxd4 11. Bxd4 Qc7 12. Bb3 b5 13. f3 Rb8 14. Rhe1 b4 15. axb4 Rxb4 16. Bxf6 Rxb3 17. cxb3 Bxf6 18. Kb1 Be6 19. Nd5 Bxd5 20. Qxd5 Rb8 21. Re2 Rb5 22. Qc4 Qb8 23. Rd3 a5 24. Rc2 Rc5 25. Qa4 Rb5 26. Re3 Qb6 27. Rd3 Rb4 28. Qc6 Qa7 29. Ka2 a4 30. bxa4 Rxa4+ 31. Ra3 Rxa3+ 32. bxa3 Qd4 33. Kb3 Qd3+ 34. Ka4 Qd4+ 35. Ka5 Qa7+ 36. Qa6 Qe3 37. a4 Bc3+ 38. Rxc3 Qxc3+ 39. Kb6 Qc5+ 1/2-1/2

[Event "Scarborough CC Spring Into Summer U1700"]
[Site "Toronto CAN"]
[Date "2011.06.02"]
[Round "5"]
[White "Smith, Maurice"]
[Black "Pishdad, Hassan"]
[Result "1-0"]
[WhiteElo "1577"]
[BlackElo "1270"]
[PlyCount "99"]
[GameId "2160767909704864"]
[EventDate "2011.04.28"]
[EventType "swiss"]
[EventRounds "9"]
[EventCountry "CAN"]
[SourceTitle "EXT 2022"]
[Source "ChessBase"]
[SourceDate "2021.10.06"]
[SourceVersion "1"]
[SourceVersionDate "2021.10.06"]
[SourceQuality "1"]

1. d4 f5 2. c4 d5 3. Nc3 e6 4. Nf3 Be7 5. Ne5 Nc6 6. Nxc6 bxc6 7. Bf4 Bd6 8. Bxd6 Qxd6 9. e3 Nf6 10. Be2 O-O 11. O-O Qb4 12. Qc2 Ba6 13. a3 Qe7 14. cxd5 Bxe2 15. Nxe2 cxd5 16. Rac1 Rfc8 17. Qc5 Qxc5 18. Rxc5 Ne4 19. Rc2 c5 20. dxc5 Rxc5 21. Rxc5 Nxc5 22. Rc1 Nb3 23. Rc6 Kf7 24. Nf4 Re8 25. Rc7+ Re7 26. Rc6 Na5 27. Rc2 Nc4 28. Nd3 g6 29. g3 e5 30. Nb4 Nb6 31. Nc6 Rb7 32. Nxe5+ Ke6 33. Nd3 Kd6 34. Nb4 Rc7 35. Rxc7 Kxc7 36. b3 Kd6 37. Kf1 h5 38. Ke2 Nd7 39. Nd3 Nc5 40. Nxc5 Kxc5 41. Kd3 a5 42. b4+ axb4 43. axb4+ Kxb4 44. Kd4 Kb3 45. Kxd5 Kc3 46. Ke6 Kd3 47. Kf6 Ke2 48. Kxg6 Kxf2 49. Kxf5 Kxe3 50. Kg5 1-0

[Event "Scarborough CC Spring Into Summer U1700"]
[Site "Toronto CAN"]
[Date "2011.06.02"]
[Round "5"]
[White "Thanabalachandran, Kajan"]
[Black "Dattani, Dinesh"]
[Result "1/2-1/2"]
[WhiteElo "1600"]
[BlackElo "1379"]
[PlyCount "46"]
[GameId "2160767909704866"]
[EventDate "2011.04.28"]
[EventType "swiss"]
[EventRounds "9"]
[EventCountry "CAN"]
[SourceTitle "EXT 2022"]
[Source "ChessBase"]
[SourceDate "2021.10.06"]
[SourceVersion "1"]
[SourceVersionDate "2021.10.06"]
[SourceQuality "1"]

1. e4 e5 2. Nf3 Nc6 3. Bb5 a6 4. Ba4 Nf6 5. O-O b5 6. Bb3 Bc5 7. Re1 O-O 8. c3 d6 9. h3 Bb7 10. d4 Bb6 11. Bc2 Re8 12. Bg5 Kh8 13. Qd3 Na5 14. b3 h6 15. Bh4 Re6 16. Qe3 Qd7 17. Nbd2 Nh5 18. Qe2 Nf4 19. Qd1 Rg6 20. Bg3 Nxh3+ 21. gxh3 Qxh3 22. Qe2 h5 23. Qf1 Qg4 1/2-1/2

[Event "Scarborough CC Spring Into Summer U1700"]
[Site "Toronto CAN"]
[Date "2011.06.02"]
[Round "5"]
[White "Vyravanathan, Sobiga"]
[Black "Li, Michael"]
[Result "0-1"]
[WhiteElo "1321"]
[BlackElo "1479"]
[PlyCount "58"]
[GameId "2160767909704867"]
[EventDate "2011.04.28"]
[EventType "swiss"]
[EventRounds "9"]
[EventCountry "CAN"]
[SourceTitle "EXT 2022"]
[Source "ChessBase"]
[SourceDate "2021.10.06"]
[SourceVersion "1"]
[SourceVersionDate "2021.10.06"]
[SourceQuality "1"]

1. e4 e5 2. Nf3 Nc6 3. Bb5 Nf6 4. O-O a6 5. Ba4 b5 6. Bb3 Nxe4 7. d4 d5 8. dxe5 Be6 9. h3 Bc5 10. Be3 Bxe3 11. fxe3 Nc5 12. Qe1 Nxb3 13. axb3 O-O 14. Qg3 Bf5 15. c3 Re8 16. Nd4 Nxd4 17. exd4 Be4 18. Nd2 Bg6 19. Nf3 h6 20. Nh4 Re6 21. Nxg6 Rxg6 22. Qf3 Qe7 23. Qxd5 Rf8 24. Qb7 Qe6 25. b4 Qxh3 26. Rxa6 Qe3+ 27. Kh1 Qe2 28. Rfa1 c6 29. Rg1 Qh5# 0-1

[Event "Scarborough CC Spring Into Summer U1700"]
[Site "Toronto CAN"]
[Date "2011.06.02"]
[Round "5"]
[White "Yu, Tianxi"]
[Black "Karpik, Steve"]
[Result "0-1"]
[WhiteElo "1039"]
[BlackElo "1483"]
[PlyCount "86"]
[GameId "2160767909770405"]
[EventDate "2011.04.28"]
[EventType "swiss"]
[EventRounds "9"]
[EventCountry "CAN"]
[SourceTitle "EXT 2022"]
[Source "ChessBase"]
[SourceDate "2021.10.06"]
[SourceVersion "1"]
[SourceVersionDate "2021.10.06"]
[SourceQuality "1"]

1. e4 d6 2. d4 Nf6 3. Nc3 g6 4. Nf3 Bg7 5. Bc4 O-O 6. O-O Nc6 7. e5 dxe5 8. dxe5 Ng4 9. Qxd8 Rxd8 10. Nb5 Bf5 11. Bd3 Bxd3 12. cxd3 Ngxe5 13. Nxe5 Nxe5 14. Nxc7 Rac8 15. Nb5 a6 16. Nc3 e6 17. Bd2 Nxd3 18. b3 Bd4 19. Bg5 f6 20. Bd2 Nxf2 21. Rxf2 Bxf2+ 22. Kxf2 Rxd2+ 23. Ne2 Rcc2 24. Re1 Rxa2 25. Ke3 e5 26. g4 b5 27. b4 Rdb2 28. Nc3 Ra3 29. Rc1 Rxb4 30. h3 Rc4 31. Kd3 Rd4+ 32. Kc2 Rc4 33. Kb2 b4 34. Rc2 Rcxc3 35. Rxc3 Rxc3 36. h4 e4 37. g5 f5 38. h5 e3 39. hxg6 hxg6 40. Ka2 e2 41. Kb2 e1=Q 42. Ka2 Qd2+ 43. Ka1 Rc1# 0-1

[Event "Scarborough CC Spring Into Summer U1700"]
[Site "Toronto CAN"]
[Date "2011.06.02"]
[Round "5"]
[White "Zhang, Taylor"]
[Black "Azizi, Hamid"]
[Result "0-1"]
[WhiteElo "1102"]
[BlackElo "1388"]
[PlyCount "92"]
[GameId "2160767909770406"]
[EventDate "2011.04.28"]
[EventType "swiss"]
[EventRounds "9"]
[EventCountry "CAN"]
[SourceTitle "EXT 2022"]
[Source "ChessBase"]
[SourceDate "2021.10.06"]
[SourceVersion "1"]
[SourceVersionDate "2021.10.06"]
[SourceQuality "1"]

1. e4 d6 2. d4 e6 3. Nc3 c6 4. Bf4 Nd7 5. Nf3 Nb6 6. Be2 Ne7 7. O-O Ng6 8. Be3 Be7 9. Bd3 Bd7 10. Qe2 Qc7 11. Rfe1 O-O-O 12. Ng5 Rdf8 13. Qd2 h6 14. Nf3 Rd8 15. Rac1 Nf8 16. e5 g5 17. h3 f5 18. Be2 f4 19. Bxf4 gxf4 20. Qxf4 d5 21. a3 Ng6 22. Qf7 Rhg8 23. Qh7 Bg5 24. Nxg5 hxg5 25. Qh5 Rdf8 26. Qxg5 Nf4 27. Qh6 Nxg2 28. Rf1 Nh4+ 29. Kh2 Nf5 30. Qd2 Qd8 31. Rg1 Rh8 32. Qg5 Nxd4 33. Qxd8+ Kxd8 34. Rgf1 Nxe2 35. Nxe2 Nc4 36. Rcd1 Nxe5 37. Kg2 Be8 38. Rd4 Bh5 39. Nf4 Rhg8+ 40. Kh1 Bf3+ 41. Kh2 Kd7 42. b3 Be4 43. Rdd1 Rxf4 44. Rg1 Rxf2+ 45. Rg2 Rfxg2+ 46. Kh1 Rxc2# 0-1